Nächste 10 Länder, die größer als Deutschland sind - Statistiken

Allgemein
  • Dieses Quiz wurde 286 mal gespielt
  • Das Durchschnittsergebnis liegt bei 5 aus 10
Antwortstatistiken
Größe km2 Land % Korrekt
450,295 Schweden
66%
406,752 Paraguay
65%
462,840 Papua-Neuguinea
64%
377,930 Japan
61%
438,317 Irak
53%
447,400 Usbekistan
46%
446,550 Marokko
43%
488,100 Turkmenistan
43%
475,442 Kamerun
34%
390,757 Simbabwe
34%
Keine übereinstimmenden Quizze gefunden
Verteilung der Resultate
Anzahl Personen mit jedem Resultat
Perzentil nach korrekt beantworteten Fragen
Ihre Resultats-Entwicklung
Sie haben dieses Quiz noch nicht gespielt